| 000 | 00646nam a2200193 a 4500 | ||
|---|---|---|---|
| 001 | 3413 | ||
| 003 | CDMR | ||
| 005 | 20130610121520.0 | ||
| 008 | 130130s1914||||||||||||||||||||||||||||d | ||
| 040 |
_aCDMR _bcat _cCDMR |
||
| 100 | 1 |
_aSarda, Joan _92457 |
|
| 245 | 1 | 0 |
_aSemblanses _cJoan Sardà _b: estudis critics, articles literaris, poesies originals, traduccions, epistolari |
| 260 |
_aBarcelona _c1914 _bLlibrería de Francisco Puig y Alonso |
||
| 300 |
_a252 p ; _c20 cm |
||
| 490 | 0 | _aObres escullides de Joan Sardà. Serie catalana | |
| 650 | 0 | 4 |
_aPeriodistes catalans _vRecull d'escrits _93727 |
| 700 | 1 |
_aMaragall, Joan _9196 |
|
| 942 |
_cMON _2udc |
||
| 999 |
_c3413 _d3413 |
||